000 01110nam a2200301 4500
001 0000016796
003 CO-CtgCURN
005 20250730222824.0
007 ta
008 160627s1992 000 0 eng d
020 _a9701000889
040 _aCO-CtgCURN
_bspa
_ccoctgcurn
082 0 _a658.5
_bS24a
100 1 _aSchroeder, Roger G.
245 1 0 _aAdministración de operaciones /
_cRoger G. Schroeder.
250 _a3a ed.
260 _aMexico :
_bMcGraw-Hill,
_c1992.
300 _axviii, 855 p.
336 _2rdacontent
337 _2rdamedia
_asin mediacion
_bn
338 _2rdacarrier
_avolumen
_bnc
500 _aIncluye apendices e indice.
505 8 _aDiseño del proceso.--Planeacion de la capacidad y programacion de las operaciones.--Administracion de los inventarios.--Administracion de la fuerza de trabajo.--Administracion y control de calidad.--Integracion de operaciones.--Casos de estudio
650 1 4 _aAdministración de la producción.
908 _a160627
942 _cBK
_h658.5
_iS24a
_2ddc
999 _c49404
_d49404